000 00342nam a2200145Ia 4500
008 150301s2013 xx 000 0 und d
082 _a616.024
_bC13P
100 _aPARSONS, POLLY E.
245 _aRITICAL CARE SECRETS
250 _a5TH
260 _bELSEVIER
_aINDIA
_c2013
300 _a644
650 _aGENERAL MEDICINE
942 _2ddc
_cBK
999 _c6744
_d6744